| 000 | 00271 a2200085 4500 | ||
|---|---|---|---|
| 100 | 1 |
_aRojzen, V.Z.. _eAutor |
|
| 245 | 0 |
_aElektromagnitnye malogabaritnye rele / _cRojzen V.Z.. |
|
| 710 | 2 |
_aEnergoatomizdat. _eWydawca _4pbl |
|
| 260 |
_aLeningrad : _bEnergoatomizdat, _c1986. |
||
| 300 |
_a252 s.; _c22 cm. |
||
| 999 |
_c11303 _d11303 |
||